000 00770nam a2200217 a 4500
001 38694
003 BD-RjUL
005 20211209052837.0
008 160208s1996 bg a|||| |||| 00| 0 ben d
035 _a(BD-RjUL)38803
040 _aBD-RjUL
_beng
_cBD-RjUL
041 _aeng
082 _a954.14
_bKAM 1996
100 _aকরিম, মোঃ আব্দুল
_9119383
245 _aমাহী সন্তোষের ইতিহাস /
_cমোঃ আব্দুল করিম
260 _aরাজশাহী :
_bএম, এ, করিম,
_c১৯৯৬
300 _a৬০ পৃ. ;
_c২২ সেমি.
650 _aবাংলা (ভারত)
_xইতিহাস
_9119384
650 _aBengal (India)
_xhistory
_9116615
942 _2ddc
_cBK
_01
999 _c38694
_d38694